| 000 | 01137pam a2200325 i 4500 | ||
|---|---|---|---|
| 001 | 015965219 | ||
| 003 | EG-ScBUE | ||
| 005 | 20221107080601.0 | ||
| 008 | 111104t2011 onca f 000 0 eng d | ||
| 020 | _a9780980939767 (paperback) | ||
| 020 | _a0980939763 (paperback) | ||
| 040 |
_aStDuBDS _beng _erda _cStDuBDS _dUk _dEG-ScBUE |
||
| 082 | 0 | 4 |
_a615.1 _222 _bPHA |
| 245 | 0 | 0 |
_aPharmacology you see : _ba high yield pharmacology review for health professionals / _ceditors in chief, Andrew W. Browne [and four others] |
| 250 | _aFirst edition. | ||
| 264 | 1 |
_a[Toronto] : _b[Toronto Notes], _c[2011] |
|
| 264 | 4 | _cc2011 | |
| 300 |
_a160 pages : _billustrations (colour) ; _c28 cm |
||
| 336 |
_atext _2rdacontent _btxt |
||
| 336 |
_astill image _2rdacontent _btxt |
||
| 337 |
_aunmediated _2rdamedia _bn |
||
| 338 |
_avolume _2rdacarrier _bnc |
||
| 500 | _aIncludes appendix. | ||
| 650 | 7 |
_aPharmacology _xExaminations _vStudy guides. _2BUEsh _937639 |
|
| 653 |
_bPPhrm _cNovember2022 |
||
| 655 |
_vReading book _934232 |
||
| 700 | 1 |
_aBrowne, Andrew W., _eeditor. |
|
| 942 |
_2ddc _cBB |
||
| 999 |
_c29949 _d29920 |
||